[Event "7. Festival Benidorm 2008 - Sub-2300"]
[Site "Benidorm ESP"]
[Date "2008.12.02"]
[Round "4.25"]
[White "Martinez Vicente, Gregorio"]
[Black "Cano Gimenez, Vicente"]
[Result "1-0"]
[WhiteElo "2062"]
[BlackElo "2197"]
[PlyCount "120"]
[EventDate "2008.11.29"]
[EventType "swiss"]
[EventRounds "9"]
[EventCountry "ESP"]
[Source "lmi"]
[SourceDate "2008.11.29"]

1. d4 Nf6 2. Nf3 e6 3. g3 b6 4. Bg2 Bb7 5. O-O Be7 6. c4 O-O 7. b3 d5 8. Nbd2
Nbd7 9. Bb2 c5 10. e3 dxc4 11. Nxc4 cxd4 12. Bxd4 Nc5 13. Qe2 Be4 14. Rfd1 Qc7
15. Rac1 Qb7 16. Bxf6 gxf6 17. b4 Nd7 18. Ncd2 f5 19. Nxe4 fxe4 20. Nd2 Rac8
21. Nxe4 Qb8 22. Rxc8 Qxc8 23. Qh5 f5 24. Ng5 Nf6 25. Qh6 Rd8 26. Rf1 Rd6 27.
e4 Qc3 28. exf5 exf5 29. Nf3 Ng4 30. Qh5 Qc8 31. Ng5 Bxg5 32. Qxg5+ Kf7 33. Rc1
Qd7 34. Bf3 h6 35. Qf4 Kg7 36. h3 Nf6 37. Kg2 Kg6 38. Qe5 Re6 39. Qc7 Re7 40.
Qc4 Re6 41. Rd1 Rd6 42. Re1 Rd4 43. Qb3 Rd2 44. g4 Qd4 45. gxf5+ Kg5 46. Re3
Qb2 47. Qxb2 Rxb2 48. a3 Ra2 49. Bc6 Nh5 50. Kf3 Kxf5 51. Bd7+ Kf6 52. Be6 Ra1
53. Bg4 Ng7 54. Bd7 Nf5 55. Rd3 Ke5 56. a4 Nd4+ 57. Kg3 Rg1+ 58. Kh4 Rg5 59.
f4+ Kxf4 60. Rxd4+ Ke5 1-0

[Event "7. Festival Benidorm 2008 - Sub-2300"]
[Site "Benidorm ESP"]
[Date "2008.12.02"]
[Round "4.27"]
[White "Jordan Martinez, Miguel"]
[Black "Minaya Molano, Juan"]
[Result "0-1"]
[WhiteElo "2049"]
[BlackElo "2196"]
[PlyCount "130"]
[EventDate "2008.11.29"]
[EventType "swiss"]
[EventRounds "9"]
[EventCountry "ESP"]
[Source "lmi"]
[SourceDate "2008.11.29"]

1. e4 e6 2. d4 c5 3. d5 exd5 4. exd5 d6 5. c4 Nf6 6. Bd3 Be7 7. Ne2 O-O 8. O-O
Na6 9. Nbc3 Nc7 10. Qc2 Rb8 11. Ng3 Nce8 12. Re1 b6 13. b3 g6 14. Bf4 a6 15.
Re2 Rb7 16. Rae1 Ng7 17. f3 Nfe8 18. Bh6 f5 19. Bc1 Bh4 20. Rf1 f4 21. Nh1 Nf5
22. Bxf5 Bxf5 23. Qd2 Bf6 24. Ne4 Bd4+ 25. Nhf2 g5 26. Bb2 Be3 27. Rxe3 fxe3
28. Qxe3 h6 29. Qc3 Kh7 30. Re1 Bg6 31. Ng4 Rbf7 32. Qe3 Rf4 33. Ngf2 Ng7 34.
Nh3 R4f5 35. g4 R5f7 36. Nhxg5+ hxg5 37. Nxg5+ Kg8 38. Nxf7 Rxf7 39. Qh6 Bh7
40. Kg2 Qf8 41. Re3 Bb1 42. Qg5 Kh7 43. Qh4+ Kg8 44. a3 Bc2 45. Qg5 Bd1 46. f4
Rxf4 47. Bxg7 Rf2+ 48. Kg3 Rf3+ 49. Kh4 Qxg7 50. Re8+ Rf8 51. Rxf8+ Kxf8 52.
Qd8+ Kf7 53. Qd7+ Kg8 54. Qe6+ Kh7 55. Qe4+ Kh8 56. Qe8+ Qg8 57. Qe6 Qxe6 58.
dxe6 Bxb3 59. Kg5 Kg7 60. h4 Bxc4 61. e7 Bb5 62. h5 d5 63. h6+ Kh7 64. Kf6 Be8
65. g5 d4 0-1

[Event "7. Festival Benidorm 2008 - Sub-2300"]
[Site "Benidorm ESP"]
[Date "2008.12.02"]
[Round "4.28"]
[White "Gimeno Higueras, Roberto"]
[Black "Soler Di Benedetto, Sandra"]
[Result "1-0"]
[WhiteElo "2187"]
[BlackElo "2015"]
[PlyCount "107"]
[EventDate "2008.11.29"]
[EventType "swiss"]
[EventRounds "9"]
[EventCountry "ESP"]
[Source "lmi"]
[SourceDate "2008.11.29"]

1. e4 c5 2. c3 Nf6 3. e5 Nd5 4. Bc4 Nb6 5. Bb3 c4 6. Bc2 Nc6 7. Qe2 Qc7 8. Nf3
g5 9. e6 dxe6 10. Nxg5 Qe5 11. d4 cxd3 12. Bxd3 Qxe2+ 13. Bxe2 e5 14. Bh5 Nd8
15. Be3 h6 16. Nf3 Bg7 17. Nbd2 O-O 18. Bxb6 axb6 19. Nc4 Be6 20. Ncxe5 Nc6 21.
Nxc6 bxc6 22. Nd2 Bxa2 23. Bf3 Bd5 24. Ke2 b5 25. Kd3 e5 26. g4 Rfd8 27. Kc2
Bxf3 28. Nxf3 Kf8 29. Nd2 Ke7 30. Ne4 Ke6 31. Nc5+ Kf6 32. h4 Kg6 33. Rxa8 Rxa8
34. Rd1 Bf8 35. Nd7 f6 36. Kd3 Rd8 37. Ke4 Be7 38. b4 Ra8 39. Rd3 Ra2 40. f4
exf4 41. Kxf4 Rf2+ 42. Kg3 Re2 43. Kf3 Re1 44. Re3 Rxe3+ 45. Kxe3 h5 46. gxh5+
Kxh5 47. Kf4 Kxh4 48. Kf5 Kg3 49. Ke6 f5 50. Kxe7 Kf4 51. Kd6 Ke3 52. Ne5 Ke4
53. Ng6 Kd3 54. Kxc6 1-0

[Event "7. Festival Benidorm 2008 - Sub-2300"]
[Site "Benidorm ESP"]
[Date "2008.12.03"]
[Round "5.1"]
[White "Avila Jimenez, Javier"]
[Black "Scherer, Helmut"]
[Result "0-1"]
[WhiteElo "2217"]
[BlackElo "2299"]
[PlyCount "84"]
[EventDate "2008.11.29"]
[EventType "swiss"]
[EventRounds "9"]
[EventCountry "ESP"]
[Source "lmi"]
[SourceDate "2008.11.29"]

1. d4 d5 2. c4 dxc4 3. Nf3 a6 4. e3 Nf6 5. Bxc4 e6 6. O-O c5 7. Qe2 b5 8. Bd3
Nc6 9. dxc5 Bxc5 10. Rd1 Qe7 11. a4 b4 12. Nbd2 Bb7 13. Nb3 Bd6 14. e4 Ng4 15.
Bg5 f6 16. Bh4 O-O 17. Rac1 Rfc8 18. Bb1 Nge5 19. Nfd2 a5 20. h3 Ng6 21. Bg3
Bf4 22. Bxf4 Nxf4 23. Qe3 e5 24. Nc4 Ba6 25. Kh2 Bxc4 26. Rxc4 Qe8 27. Ba2 Kh8
28. Rdc1 Ne6 29. Nc5 Ned4 30. Bb1 Ne7 31. Bd3 Rc6 32. Bf1 Rac8 33. Be2 R8c7 34.
Bg4 h5 35. Be2 Qc8 36. Na6 Rxc4 37. Nxc7 Rxc1 38. Qxc1 Nxe2 39. Qc5 Ng6 40.
Qxa5 Nef4 41. Qb6 Nxg2 42. Ne6 N2f4 0-1

[Event "7. Festival Benidorm 2008 - Sub-2300"]
[Site "Benidorm ESP"]
[Date "2008.12.03"]
[Round "5.2"]
[White "Barranco Cara, Francisco Javier"]
[Black "Uribe Arteaga, Daniel"]
[Result "1/2-1/2"]
[WhiteElo "2060"]
[BlackElo "2272"]
[PlyCount "146"]
[EventDate "2008.11.29"]
[EventType "swiss"]
[EventRounds "9"]
[EventCountry "ESP"]
[Source "lmi"]
[SourceDate "2008.11.29"]

1. d4 Nf6 2. Nf3 e6 3. c4 Bb4+ 4. Bd2 c5 5. g3 Qb6 6. Bxb4 Qxb4+ 7. Qd2 Nc6 8.
Qxb4 Nxb4 9. Na3 cxd4 10. Nxd4 d5 11. Bg2 Bd7 12. O-O Ke7 13. cxd5 Nfxd5 14.
Nac2 Nxc2 15. Nxc2 Rac8 16. Rac1 Nf6 17. Nd4 Rxc1 18. Rxc1 Rc8 19. Rxc8 Bxc8
20. e3 a6 21. Kf1 Kd6 22. Ke2 e5 23. Nb3 b6 24. a3 Bd7 25. h3 Bb5+ 26. Kd2 Nd7
27. Kc3 f5 28. f4 Ba4 29. Nd2 e4 30. Bf1 a5 31. Kd4 Bc6 32. Nc4+ Ke6 33. b4
axb4 34. axb4 h6 35. Be2 Bb5 36. Bd1 Bxc4 37. Kxc4 Kd6 38. Kb5 Nf6 39. Bb3 Kc7
40. Be6 Nh5 41. g4 fxg4 42. hxg4 Ng3 43. Bd5 Nf1 44. Bxe4 Nxe3 45. Bf3 Nc2 46.
Kc4 Kd6 47. Be2 Ne3+ 48. Kb5 Kc7 49. Bf3 Nf1 50. Bd1 Nd2 51. Be2 Ne4 52. Kc4
Kd6 53. Kd4 Nf6 54. Bf3 Ne8 55. Be2 Nc7 56. Bc4 Ne8 57. Be2 Nf6 58. Bf3 Ng8 59.
Bg2 Ne7 60. Be4 g6 61. Bf3 Ng8 62. Be4 h5 63. Bxg6 hxg4 64. Ke3 Nf6 65. Kf2 Kd5
66. Bd3 Kd4 67. Bf5 Nd5 68. Bxg4 Nxf4 69. Bd7 Nd3+ 70. Ke2 Nxb4 71. Kd2 Na6 72.
Kc2 Kc4 73. Kb2 Nb8 1/2-1/2

[Event "7. Festival Benidorm 2008 - Sub-2300"]
[Site "Benidorm ESP"]
[Date "2008.12.03"]
[Round "5.3"]
[White "Chueca Forcen, Alberto"]
[Black "Goormachtigh, Johan"]
[Result "1/2-1/2"]
[WhiteElo "2276"]
[BlackElo "2242"]
[PlyCount "151"]
[EventDate "2008.11.29"]
[EventType "swiss"]
[EventRounds "9"]
[EventCountry "ESP"]
[Source "lmi"]
[SourceDate "2008.11.29"]

1. d4 Nf6 2. c4 c5 3. d5 e5 4. Nc3 d6 5. e4 Nbd7 6. g3 g6 7. Bg2 Bg7 8. Nge2
O-O 9. h3 Ne8 10. g4 Bf6 11. Bh6 Ng7 12. Qd2 Bh4 13. Ng3 Kh8 14. Nce2 Nf6 15.
Ng1 Ng8 16. Nf3 Bxg3 17. fxg3 Nxh6 18. Qxh6 f6 19. O-O Bd7 20. Rf2 Qe7 21. a4
b6 22. Bf1 Kg8 23. Bd3 a6 24. b3 Ne8 25. Kg2 Nc7 26. Raf1 Qg7 27. Qe3 a5 28. g5
Rf7 29. gxf6 Rxf6 30. Nh2 Raf8 31. Rxf6 Rxf6 32. Qg5 Ne8 33. Ng4 Bxg4 34. Qxg4
Rxf1 35. Bxf1 Qh6 36. Be2 Qe3 37. h4 Kf8 38. Bf3 Qxb3 39. h5 Qa2+ 40. Be2 Nf6
41. Qf3 Kg7 42. h6+ Kxh6 43. Qxf6 Qxe2+ 44. Kh3 Qxe4 45. g4 Qf4 46. Qxd6 Qf3+
47. Kh4 Qf4 48. Kh3 Kg5 49. Qe7+ Qf6 50. d6 h5 51. gxh5 gxh5 52. Kg3 Kf5 53.
Qd7+ Ke4 54. Qh7+ Ke3 55. d7 Qg5+ 56. Kh2 e4 57. Qf7 h4 58. Qd5 Qf4+ 59. Kh1
Kf2 60. Qg8 Qf3+ 61. Kh2 Qg3+ 62. Qxg3+ hxg3+ 63. Kh3 g2 64. d8=Q g1=Q 65. Qf6+
Ke3 66. Qxb6 Qf1+ 67. Kg4 Qxc4 68. Qxa5 Ke2 69. Qb5 Qxb5 70. axb5 c4 71. b6 c3
72. b7 c2 73. b8=Q c1=Q 74. Qh2+ Kd3 75. Qd6+ Ke2 76. Qh2+ 1/2-1/2

[Event "7. Festival Benidorm 2008 - Sub-2300"]
[Site "Benidorm ESP"]
[Date "2008.12.03"]
[Round "5.4"]
[White "Lopez Colon, Francisco"]
[Black "Santos, Jose Alves"]
[Result "1/2-1/2"]
[WhiteElo "2249"]
[BlackElo "2192"]
[PlyCount "128"]
[EventDate "2008.11.29"]
[EventType "swiss"]
[EventRounds "9"]
[EventCountry "ESP"]
[Source "lmi"]
[SourceDate "2008.11.29"]

1. d4 d5 2. c4 e5 3. dxe5 d4 4. Nf3 Nc6 5. a3 Bg4 6. Qb3 Rb8 7. Nbd2 Nge7 8. h3
Be6 9. Qa4 Ng6 10. b4 Be7 11. Bb2 O-O 12. b5 Ncxe5 13. Bxd4 Nxf3+ 14. Nxf3 Nh4
15. Rd1 Nxf3+ 16. gxf3 Qd6 17. Bxg7 Qxa3 18. Qxa3 Bxa3 19. Rg1 f6 20. Bxf8+
Kxf8 21. Rd4 Bc5 22. Rf4 Rd8 23. Rxf6+ Ke7 24. Rxe6+ Kxe6 25. e4 Bb4+ 26. Ke2
a5 27. bxa6 bxa6 28. h4 a5 29. Rg7 a4 30. Rxc7 a3 31. c5 a2 32. Rc6+ Ke7 33.
Ra6 Rd2+ 34. Ke3 Rc2 35. Bd3 Bxc5+ 36. Kf4 Rc3 37. Rxa2 Rxd3 38. e5 Kf7 39. Rc2
Be7 40. Rc7 Rd4+ 41. Kg3 Rd3 42. h5 Ke6 43. Kg4 Rd1 44. f4 Rg1+ 45. Kf3 Rg7 46.
h6 Rg6 47. f5+ Kxf5 48. Rxe7 Rxh6 49. Ke3 Rh1 50. Ke2 h5 51. Re8 h4 52. e6 Kf6
53. Kf3 Rg1 54. Rh8 Kxe6 55. Rxh4 Kf5 56. Rh5+ Kg6 57. Ra5 Rb1 58. Kg4 Rb6 59.
f4 Kf6 60. Rh5 Kg6 61. f5+ Kg7 62. Kg5 Kf7 63. Rh7+ Kf8 64. f6 Rb1 1/2-1/2

[Event "7. Festival Benidorm 2008 - Sub-2300"]
[Site "Benidorm ESP"]
[Date "2008.12.03"]
[Round "5.5"]
[White "Garcia Gata, Jorge David"]
[Black "Garcia Albarracin, Francisco D"]
[Result "0-1"]
[WhiteElo "2140"]
[BlackElo "2298"]
[PlyCount "98"]
[EventDate "2008.11.29"]
[EventType "swiss"]
[EventRounds "9"]
[EventCountry "ESP"]
[Source "lmi"]
[SourceDate "2008.11.29"]

1. d4 d5 2. Nf3 Nf6 3. c4 c6 4. Nc3 a6 5. e3 b5 6. b3 Bg4 7. Be2 e6 8. O-O Nbd7
9. Ne5 Bxe2 10. Qxe2 Nxe5 11. dxe5 Nd7 12. f4 Bb4 13. Bb2 g6 14. cxd5 cxd5 15.
f5 Bxc3 16. fxe6 fxe6 17. Bxc3 Qg5 18. a4 bxa4 19. Rxa4 Rf8 20. Rxf8+ Kxf8 21.
h4 Qh5 22. Qf2+ Kg8 23. g4 Qh6 24. Rf4 Rc8 25. Bd4 g5 26. Rf7 Qg6 27. Rxd7 Rc1+
28. Kg2 Rc2 29. Rd8+ Kg7 30. Rd7+ Kh6 31. hxg5+ Kxg5 32. Qxc2 Qxc2+ 33. Kg3 h5
34. gxh5 Qxb3 35. Rd6 Qb1 36. h6 a5 37. Rb6 Qg6 38. Ra6 Kxh6+ 39. Kf3 Qe4+ 40.
Ke2 Qc2+ 41. Kf3 Kg5 42. Kg3 Qc1 43. Kf2 Kf5 44. Ra7 a4 45. Kf3 Qd1+ 46. Kf2
Ke4 47. Ra6 Qf3+ 48. Kg1 Qg3+ 49. Kf1 Kf3 0-1

[Event "7. Festival Benidorm 2008 - Sub-2300"]
[Site "Benidorm ESP"]
[Date "2008.12.03"]
[Round "5.6"]
[White "Varga Novak, Mariano"]
[Black "Barbu, Nicolae"]
[Result "0-1"]
[WhiteElo "2276"]
[BlackElo "2166"]
[PlyCount "62"]
[EventDate "2008.11.29"]
[EventType "swiss"]
[EventRounds "9"]
[EventCountry "ESP"]
[Source "lmi"]
[SourceDate "2008.11.29"]

1. e4 c5 2. Nf3 d6 3. d4 cxd4 4. c3 Nf6 5. Qc2 dxc3 6. Nxc3 Nc6 7. Bc4 e6 8.
O-O a6 9. Bg5 Bd7 10. a3 Rc8 11. Ba2 b5 12. Qe2 Qb6 13. Bxf6 gxf6 14. Kh1 Ne5
15. Nxe5 dxe5 16. f4 exf4 17. Rxf4 Be7 18. Raf1 a5 19. e5 f5 20. Qh5 Rf8 21. h4
Qe3 22. Qd1 Bc6 23. R1f2 Rg8 24. R4f3 Bxf3 25. Rxf3 Qxe5 26. h5 Rg4 27. Rh3 b4
28. axb4 axb4 29. Ne2 Re4 30. Ng1 Re1 31. Qa4+ Kf8 0-1

[Event "7. Festival Benidorm 2008 - Sub-2300"]
[Site "Benidorm ESP"]
[Date "2008.12.03"]
[Round "5.8"]
[White "Roig Grau, Jesus"]
[Black "Tello Nuñez, Alejandro"]
[Result "1/2-1/2"]
[WhiteElo "2161"]
[BlackElo "2263"]
[PlyCount "77"]
[EventDate "2008.11.29"]
[EventType "swiss"]
[EventRounds "9"]
[EventCountry "ESP"]
[Source "lmi"]
[SourceDate "2008.11.29"]

1. d4 Nf6 2. Nf3 g6 3. c3 Bg7 4. Bg5 O-O 5. Nbd2 d6 6. e4 c5 7. Bd3 cxd4 8.
Nxd4 Nc6 9. N4f3 h6 10. Bxf6 Bxf6 11. O-O d5 12. exd5 Qxd5 13. Bc4 Qc5 14. h3
Bg7 15. Qe2 Kh7 16. Rfd1 Qb6 17. Nf1 Qc7 18. Ne3 e6 19. Rd2 Bd7 20. Rad1 Rad8
21. Bb5 a6 22. Bxc6 Bxc6 23. Nd4 Bd7 24. Qc4 Qb8 25. Qb4 Rfe8 26. Qb6 Ba4 27.
b3 e5 28. bxa4 exd4 29. cxd4 Rd7 30. Rd3 Qf4 31. d5 Qxa4 32. a3 h5 33. Qb3 Qxb3
34. Rxb3 Re4 35. Rb6 Ra4 36. Rdb1 Bf8 37. Rxb7 Rxb7 38. Rxb7 Kg7 39. Nc2
1/2-1/2

[Event "7. Festival Benidorm 2008 - Sub-2300"]
[Site "Benidorm ESP"]
[Date "2008.12.03"]
[Round "5.9"]
[White "Cortes Lizano, Jesus"]
[Black "Megias Chafer, Alejandro"]
[Result "0-1"]
[WhiteElo "2254"]
[BlackElo "2159"]
[PlyCount "106"]
[EventDate "2008.11.29"]
[EventType "swiss"]
[EventRounds "9"]
[EventCountry "ESP"]
[Source "lmi"]
[SourceDate "2008.11.29"]

1. c4 e6 2. Nf3 f5 3. g3 b6 4. Bg2 Bb7 5. Nc3 Nf6 6. d3 Be7 7. Qc2 O-O 8. O-O
d6 9. e4 fxe4 10. dxe4 e5 11. Ng5 Bc8 12. c5 Qe8 13. Qb3+ Kh8 14. Nb5 Na6 15.
cxd6 Bxd6 16. Nxd6 cxd6 17. Qa3 h6 18. Nf3 Nc5 19. Nh4 Be6 20. b4 Na4 21. f4
Rc8 22. Bd2 Bc4 23. Rfe1 b5 24. g4 exf4 25. Qh3 Nh7 26. Nf5 Ng5 27. Qh4 Qe5 28.
Kh1 Bd3 29. Qf2 f3 30. Bxf3 Nxf3 31. Qxf3 Bc2 32. Bf4 Qb2 33. Bxd6 Rfe8 34. Ne7
Rc4 35. Be5 Qxb4 36. Nd5 Qf8 37. Qxf8+ Rxf8 38. Nf4 Kh7 39. Nh5 Bxe4+ 40. Kg1
Bb7 41. Bxg7 Rf7 42. h3 Rc2 43. Bf6 Kg6 44. Re8 Rg2+ 45. Kf1 Rxf6+ 46. Nxf6
Kxf6 47. Rae1 Rxa2 48. R8e6+ Kg5 49. R1e5+ Kh4 50. Rxh6+ Kg3 51. Re3+ Bf3 52.
Re1 Nc3 53. Rhe6 Rf2+ 0-1

[Event "7. Festival Benidorm 2008 - Sub-2300"]
[Site "Benidorm ESP"]
[Date "2008.12.03"]
[Round "5.10"]
[White "Lillo Ferrer, Jose Maria M."]
[Black "Carrascoso Morales, Abel"]
[Result "0-1"]
[WhiteElo "2150"]
[BlackElo "2234"]
[PlyCount "54"]
[EventDate "2008.11.29"]
[EventType "swiss"]
[EventRounds "9"]
[EventCountry "ESP"]
[Source "lmi"]
[SourceDate "2008.11.29"]

1. e4 c5 2. Nf3 d6 3. d4 cxd4 4. Nxd4 Nf6 5. Nc3 g6 6. Be2 Bg7 7. O-O O-O 8.
Bg5 Nc6 9. Nb3 Be6 10. Kh1 a6 11. f4 b5 12. Bf3 Rc8 13. Nd5 Bxd5 14. exd5 Na5
15. c3 b4 16. cxb4 Nc4 17. Re1 Qb6 18. Rxe7 Rfe8 19. Rxe8+ Rxe8 20. a3 Qe3 21.
Na5 Nxb2 22. Qc1 Qf2 23. h3 h6 24. Bxf6 Bxf6 25. Qc6 Re1+ 26. Rxe1 Qxe1+ 27.
Kh2 Bd4 0-1

[Event "7. Festival Benidorm 2008 - Sub-2300"]
[Site "Benidorm ESP"]
[Date "2008.12.03"]
[Round "5.11"]
[White "Lakunza Oyarbide, Juan Carlos"]
[Black "Sabater Sanchez, Asensio"]
[Result "1/2-1/2"]
[WhiteElo "2122"]
[BlackElo "2220"]
[PlyCount "30"]
[EventDate "2008.11.29"]
[EventType "swiss"]
[EventRounds "9"]
[EventCountry "ESP"]
[Source "lmi"]
[SourceDate "2008.11.29"]

1. d4 d5 2. Nf3 Nc6 3. g3 Bg4 4. Bg2 Qd7 5. O-O O-O-O 6. Be3 f6 7. c4 dxc4 8.
Nbd2 e5 9. dxe5 fxe5 10. Nxc4 Qxd1 11. Rfxd1 Bd6 12. Nxd6+ Rxd6 13. Ng5 Rxd1+
14. Rxd1 Nge7 15. Kf1 h6 1/2-1/2

[Event "7. Festival Benidorm 2008 - Sub-2300"]
[Site "Benidorm ESP"]
[Date "2008.12.03"]
[Round "5.12"]
[White "Murcia Paredes, Angel"]
[Black "Gonzalez Aguirre, Luis"]
[Result "1/2-1/2"]
[WhiteElo "2206"]
[BlackElo "2110"]
[PlyCount "39"]
[EventDate "2008.11.29"]
[EventType "swiss"]
[EventRounds "9"]
[EventCountry "ESP"]
[Source "lmi"]
[SourceDate "2008.11.29"]

1. e4 c6 2. d4 d5 3. Nd2 dxe4 4. Nxe4 h6 5. Nf3 Bg4 6. Be2 Nd7 7. Ng3 Ngf6 8.
h3 Bxf3 9. Bxf3 Qc7 10. O-O e6 11. Re1 Be7 12. c3 O-O 13. Nf5 exf5 14. Rxe7
Rfe8 15. Rxe8+ Rxe8 16. Be3 Nd5 17. Bd2 N7f6 18. Qc2 Ne4 19. Re1 Ndf6 20. g3
1/2-1/2

[Event "7. Festival Benidorm 2008 - Sub-2300"]
[Site "Benidorm ESP"]
[Date "2008.12.03"]
[Round "5.13"]
[White "Montero Fernandez, Oscar"]
[Black "Bendayan Claros, Aaron"]
[Result "1/2-1/2"]
[WhiteElo "2200"]
[BlackElo "2116"]
[PlyCount "48"]
[EventDate "2008.11.29"]
[EventType "swiss"]
[EventRounds "9"]
[EventCountry "ESP"]
[Source "lmi"]
[SourceDate "2008.11.29"]

1. e4 c6 2. d4 d5 3. e5 Bf5 4. Nf3 e6 5. Be2 c5 6. O-O Nd7 7. Re1 Ne7 8. c4 a6
9. Nc3 dxc4 10. d5 exd5 11. Nxd5 b5 12. Bg5 h6 13. Bh4 Nb6 14. Nxb6 Qxb6 15. a4
Rd8 16. Qc1 g5 17. axb5 axb5 18. Bg3 Bg7 19. h4 g4 20. Nh2 h5 21. Qg5 Qg6 22.
Qe3 Qb6 23. Qg5 Qg6 24. Qe3 Qb6 1/2-1/2

[Event "7. Festival Benidorm 2008 - Sub-2300"]
[Site "Benidorm ESP"]
[Date "2008.12.03"]
[Round "5.15"]
[White "Minaya Molano, Juan"]
[Black "Martinez Vicente, Gregorio"]
[Result "1-0"]
[WhiteElo "2196"]
[BlackElo "2062"]
[PlyCount "105"]
[EventDate "2008.11.29"]
[EventType "swiss"]
[EventRounds "9"]
[EventCountry "ESP"]
[Source "lmi"]
[SourceDate "2008.11.29"]

1. Nf3 g6 2. c4 Bg7 3. d4 d6 4. Nc3 Nf6 5. g3 O-O 6. Bg2 Nc6 7. O-O e5 8. d5
Ne7 9. c5 Bg4 10. Qb3 Rb8 11. cxd6 cxd6 12. Be3 b6 13. Nd2 Qd7 14. f3 Bh3 15.
a4 Bxg2 16. Kxg2 Nf5 17. Bf2 Bh6 18. Nce4 Ne8 19. e3 Ne7 20. Nc4 f5 21. Nc3 Kh8
22. f4 e4 23. Rfd1 g5 24. Ne2 Ng6 25. Be1 gxf4 26. exf4 Bg7 27. Bc3 Rg8 28. Kh1
Nf6 29. Ne3 Rbc8 30. Qb5 Qf7 31. Nxf5 Rxc3 32. bxc3 Ng4 33. Nxd6 Qf8 34. Qd7 h5
35. Nf7+ Kh7 36. Qf5 Bh6 37. Ng5+ Kh8 38. Qxf8 Rxf8 39. Ne6 Re8 40. Kg1 Nf8 41.
N6d4 Ne3 42. Rd2 Bg7 43. a5 Nxd5 44. axb6 axb6 45. Nb5 Nf6 46. Ra7 h4 47. Rd6
hxg3 48. hxg3 Ng6 49. Nbd4 Ne7 50. Rxb6 Nc8 51. Rbb7 Nxa7 52. Rxa7 Nd5 53. Rd7
1-0

[Event "7. Festival Benidorm 2008 - Sub-2300"]
[Site "Benidorm ESP"]
[Date "2008.12.03"]
[Round "5.17"]
[White "Lacrosse, Marc"]
[Black "Alvarez Morales, Miguel"]
[Result "1-0"]
[WhiteElo "2181"]
[BlackElo "2009"]
[PlyCount "49"]
[EventDate "2008.11.29"]
[EventType "swiss"]
[EventRounds "9"]
[EventCountry "ESP"]
[Source "lmi"]
[SourceDate "2008.11.29"]

1. d4 Nf6 2. c4 e6 3. Nf3 c5 4. d5 d6 5. Nc3 exd5 6. cxd5 g6 7. e4 a6 8. a4 Bg4
9. Qb3 Qc7 10. Nd2 Be7 11. Bd3 O-O 12. O-O Re8 13. Nc4 Bf8 14. Bg5 Kg7 15. f4
h6 16. Bxf6+ Kxf6 17. f5 gxf5 18. h3 Bxh3 19. gxh3 Be7 20. Rxf5+ Kg7 21. Raf1
Kh8 22. Rxf7 Nd7 23. Ne2 Rg8+ 24. Kh2 Bh4 25. Qc3+ 1-0

[Event "7. Festival Benidorm 2008 - Sub-2300"]
[Site "Benidorm ESP"]
[Date "2008.12.03"]
[Round "5.18"]
[White "Feloussi, Abdelaziz"]
[Black "Garcia Amoros, Pablo"]
[Result "0-1"]
[WhiteElo "2112"]
[BlackElo "2172"]
[PlyCount "64"]
[EventDate "2008.11.29"]
[EventType "swiss"]
[EventRounds "9"]
[EventCountry "ESP"]
[Source "lmi"]
[SourceDate "2008.11.29"]

1. e4 c5 2. Nf3 d6 3. d4 cxd4 4. Nxd4 Nf6 5. Nc3 a6 6. Bg5 e6 7. f4 Qc7 8. Qf3
b5 9. a3 Nbd7 10. O-O-O Rb8 11. f5 e5 12. Ne6 fxe6 13. fxe6 Nb6 14. Bxb5+ axb5
15. Nxb5 Qc5 16. Bxf6 gxf6 17. Nc3 Bxe6 18. Qxf6 Kd7 19. Nd5 Nxd5 20. exd5 Bxd5
21. b4 Qc6 22. Qf5+ Kc7 23. Rd3 Be7 24. Kb2 Rbf8 25. Qh5 Rf4 26. Rhd1 Rd4 27.
Rxd4 exd4 28. c4 dxc3+ 29. Kc1 Bb3 30. Re1 Bf6 31. Qa5+ Qb6 32. Qf5 Be5 0-1

[Event "7. Festival Benidorm 2008 - Sub-2300"]
[Site "Benidorm ESP"]
[Date "2008.12.03"]
[Round "5.19"]
[White "Fernandez Manrique, Agustin"]
[Black "Arias Igual, Alejandro"]
[Result "1/2-1/2"]
[WhiteElo "2169"]
[BlackElo "2023"]
[PlyCount "80"]
[EventDate "2008.11.29"]
[EventType "swiss"]
[EventRounds "9"]
[EventCountry "ESP"]
[Source "lmi"]
[SourceDate "2008.11.29"]

1. c4 Nf6 2. Nc3 e6 3. e4 d5 4. e5 d4 5. exf6 dxc3 6. bxc3 Qxf6 7. Nf3 Bd6 8.
d4 Bf4 9. Be3 Bd6 10. c5 Be7 11. Bc1 h6 12. Bd3 Bxc5 13. Ne5 Bd6 14. f4 O-O 15.
O-O Rd8 16. Qh5 Nd7 17. g4 Qe7 18. g5 g6 19. Qxh6 Nxe5 20. fxe5 Bxe5 21. Ba3
Bd6 22. Bxg6 fxg6 23. Rf6 Qh7 24. Rxg6+ Kh8 25. Bxd6 cxd6 26. Rf1 Qxh6 27.
Rxh6+ Kg7 28. Rff6 e5 29. h4 Bg4 30. h5 exd4 31. Rhg6+ Kh8 32. Rh6+ Kg7 33.
Rfg6+ Kf8 34. Rh8+ Ke7 35. Rh7+ Kf8 36. Rgg7 Bxh5 37. Rxb7 Kg8 38. cxd4 Bg4 39.
Rbg7+ Kf8 40. Rf7+ Kg8 1/2-1/2

[Event "7. Festival Benidorm 2008 - Sub-2300"]
[Site "Benidorm ESP"]
[Date "2008.12.03"]
[Round "5.20"]
[White "Castellanos Bogalo, Antonio"]
[Black "Mork, Kjell-Arne"]
[Result "1/2-1/2"]
[WhiteElo "2095"]
[BlackElo "2267"]
[PlyCount "63"]
[EventDate "2008.11.29"]
[EventType "swiss"]
[EventRounds "9"]
[EventCountry "ESP"]
[Source "lmi"]
[SourceDate "2008.11.29"]

1. e4 e6 2. Qe2 c5 3. f4 Nc6 4. Nf3 Nge7 5. Nc3 d6 6. d3 g6 7. g3 Bg7 8. Bg2
O-O 9. O-O Rb8 10. Nd1 b5 11. Nf2 b4 12. g4 f5 13. Kh1 Kh8 14. h4 fxg4 15. Nxg4
e5 16. Ng5 Ng8 17. fxe5 Nxe5 18. Nxe5 Bxe5 19. Rxf8 Qxf8 20. Be3 Qe7 21. Rf1
Nf6 22. Kg1 Kg8 23. Bh3 Bxh3 24. Nxh3 Qd7 25. Qf3 Ng4 26. Bf4 Rf8 27. Qg2 Bxf4
28. Rxf4 Rxf4 29. Nxf4 Ne3 30. Qg5 Qg4+ 31. Qxg4 Nxg4 32. Nd5 1/2-1/2

[Event "7. Festival Benidorm 2008 - Sub-2300"]
[Site "Benidorm ESP"]
[Date "2008.12.03"]
[Round "5.21"]
[White "Galvan Huaraca, Jesus"]
[Black "Perez Garcia, Roberto"]
[Result "1-0"]
[WhiteElo "2221"]
[BlackElo "2162"]
[PlyCount "127"]
[EventDate "2008.11.29"]
[EventType "swiss"]
[EventRounds "9"]
[EventCountry "ESP"]
[Source "lmi"]
[SourceDate "2008.11.29"]

1. d4 Nf6 2. c4 g6 3. Nc3 d5 4. cxd5 Nxd5 5. e4 Nxc3 6. bxc3 Bg7 7. Bc4 c5 8.
Ne2 Nc6 9. Be3 O-O 10. O-O Na5 11. Bd3 b6 12. Qd2 e5 13. Bh6 cxd4 14. cxd4 exd4
15. Bxg7 Kxg7 16. Qb2 Qf6 17. f4 Rd8 18. e5 Qe7 19. Be4 Rb8 20. Nxd4 Qc5 21.
Rfd1 Bg4 22. Rd3 Nc4 23. Qf2 Rbc8 24. h3 Bd7 25. Rad1 Ba4 26. Ne6+ fxe6 27.
Rxd8 Bxd1 28. Rxd1 Qxf2+ 29. Kxf2 Rc7 30. Rc1 Rc5 31. a4 a6 32. Ke2 b5 33. axb5
axb5 34. Bd3 g5 35. g3 h5 36. h4 g4 37. Rc3 Rc6 38. Bxc4 bxc4 39. Ke3 Kg6 40.
Kd4 Kf5 41. Rxc4 Ra6 42. Rc3 Ra5 43. Rc8 Ra4+ 44. Kc5 Ra3 45. Kd6 Ra6+ 46. Rc6
Ra3 47. Rc8 Ra6+ 48. Ke7 Ke4 49. Rc3 Kf5 50. Rd3 Ra7+ 51. Rd7 Ra3 52. Rd8 Ra7+
53. Kd6 Ra6+ 54. Kc5 Ke4 55. Rd6 Ra3 56. Rxe6 Rxg3 57. Rf6 Re3 58. e6 g3 59. e7
Kf3 60. Kd6 g2 61. Rg6 Kxf4 62. Rxg2 Rd3+ 63. Ke6 Kf3 64. Rg5 1-0